000 00471nam a2200193Ia 4500
005 20240921120650.0
008 240921s9999||||xx |||||||||||||| ||und||
041 _aENGLISH
082 _A604.2 M7
100 _aSekkilar S M
245 0 _aEngineering Drawing
250 _a1st
260 _bAnuradha Age
_aKumbakonam
500 _a1st angle Projection
650 _aEngineering Drawing
_bMechanical
700 _a S Thamaraiselvi
942 _cBK
999 _c247265
_d247265